000 00621nam a22002177a 4500
003 UA-OsUOA
001 98876
007 ta
008 20130419b un ||||| |||| 00| 0 ukr d
090 _a821.161.1
_bР89
942 _cBK
040 _aUA-OsUOA
_brus
_cUA-OsUOA
_dUA-OsUOA
245 _aРусские повести ХІХ века
_b40 - 50-х годов
300 _a779 с.
955 _a3
041 _arus
080 _a821.161.1
260 _aМ.
_bХудожественная литература
_c1952
650 7 _a82 Література. Літературознавство
_2UDC
999 _c385246
_d385246